| 000 | 01527nam a22003135 4500 | ||
|---|---|---|---|
| 001 | |||
| 003 | |||
| 005 | 20220524134316.0 | ||
| 008 | 930520s1976 sp | |||| ||spa | ||
| 020 | _a84843200460X | ||
| 040 |
_aBPMSU _bspa _cBPMSU _e |
||
| 082 |
_aR-759 _bM752p 1976-78 _222 |
||
| 100 | 1 |
_aMonreal Agustí, Luis _d1912-2005. |
|
| 245 | 0 | 3 |
_aLa pintura en los grandes museos / _c Luis Monreal Agustí y Luis Monreal y Tejada |
| 246 | 1 | 3 | _aEnciclopedia Temática Planeta |
| 246 | 1 | 8 | _aGrandes museos |
| 260 |
_aMadrid : _bEditorial Planeta, _c1976-78 |
||
| 300 |
_av : _bil. retrs.; _c31 cm |
||
| 500 | _aIncluye: Diccionario Larousse de la pintura, bajo la dirección de Michel Laclotte y El grabado, redactado por Juan Carrete Parrondo | ||
| 504 | _aÍndice bibliográfico de pintores al final de cada vol. | ||
| 505 | 0 | _av. 2 Museo de Louvre ; Museo de Jeu de Paume ; Museo de Basilea ; Museo de Viena. -- v. 3 Galeríade los Uffizi ; Pinacoteca de Brera ; Academia de Venecia ; Galeria Borghese ; Galeria Nacional de Capodi Monti | |
| 505 | 0 | _av. 4 Reales Museos de Bruselas ; Museo Real de Amberes ; Rijkmuseum de Amsterdam ; Museo Bizantino de Atenas ; Museo Nacional de Tokio. -- v. 5 Alte pinakothek de Munich ; Galería Dahlem de Berlín ; Galeria de Pinturas de Dresde ; Galería Nacional de Praga ; Museo Nacional de Bellas Artes | |
| 506 | _a | ||
| 590 | _6Inventariado, 2022/VM | ||
| 650 | 4 |
_aPintura _vEnciclopedias |
|
| 700 | 1 | _aMonreal, Luis | |
| 910 | _aVMateo V. | ||
| 942 |
_2ddc _cBK |
||
| 999 |
_c14214 _d14214 |
||